Reengineering the corporation: a manifiesto for business revolution

Αποθηκεύτηκε σε:
Λεπτομέρειες βιβλιογραφικής εγγραφής
Κύριοι συγγραφείς: Hammer, Michael (Συγγραφέας), Champy, James (Συγγραφέας)
Μορφή: Βιβλίο
Γλώσσα:Αγγλικά
Έκδοση: Nueva York Harper Business 1993
Θέματα:
Ετικέτες: Προσθήκη ετικέτας
Δεν υπάρχουν, Καταχωρήστε ετικέτα πρώτοι!

MARC

LEADER 00000nam a2200000 a 4500
001 UCY1484
003 CL-VaPUC
008 940905e19930000US |||||||||||||||||eng|d
082 0 4 |a 658.406  |b HAM  |2 21 
100 |a Hammer, Michael  |e author  |9 598161 
700 0 |a Champy, James  |e author  |9 329488 
245 1 0 |a Reengineering the corporation: a manifiesto for business revolution 
300 |a 223 p 
942 |c BK 
945 |d 19940905 00:00:00  |a mfernand 
260 |a Nueva York  |b Harper Business  |c 1993 
650 0 |a Cambio organizacional   |9 260741 
650 0 |a Reorganización de corporaciones  |9 329243 
583 |a last modification  |c 19940905 00:00:00  |k Rodrigo Vera 
999 |c 230176  |d 230174 
952 |0 0  |1 0  |4 0  |6 658_406000000000000_HAM_1993  |7 0  |8 A  |9 232219  |a BIBING  |b BIBING  |d 2019-11-15  |i 301777K  |o 658.406 HAM 1993  |p 301777K  |r 2025-01-20  |w 2019-11-15  |y BK  |k EII